000 00906cam a22002652 4500
001 0000002221
005 20151217151844.0
008 070404s xx 000 0 eng d
020 _a8120317076 :
_cKES 1,321
040 _aKABU
_cKABU
050 0 _aHF5686
_b.C8H67 2000
100 1 _aHorngren, Charles T.,
_d1926-.
_@0000151498
245 1 0 _aCost accounting :
_ba managerial emphasis /
_cCharles T. Horngren, George Foster, Srikant M. Datar.
250 _a10th ed.
260 _aNew Delhi :
_bPrentice Hall of India,
_cc2000.
300 _axxii, 906 p. :
_bill. ;
_c28 cm.
500 _aIncludes index.
650 0 _aCost accounting.
_@0000151497
700 1 _aDatar, Srikant M.
_@0000151499
700 1 _aFoster, George.
_@0000151500
908 _a070404
950 _@1
999 _c5714
_d5714